| 000 | 00626nam a2200169 i 4500 | ||
|---|---|---|---|
| 001 | bg | ||
| 100 | 1 | _aBRYDAK-JEŻOWIECKA, Danuta | |
| 245 | 0 |
_aBadanie własności hydraulicznych zaworów pływakowych / _cDanuta Brydak-Jeżowiecka. |
|
| 260 |
_aWrocław, _c1975. |
||
| 490 | 1 |
_aPrace Naukowe Instytutu Inżynierii Chemicznej i Urządzeń Cieplnych Politechniki Wrocławskiej ; _vnr 29 |
|
| 830 | _aPrace Naukowe Instytutu Inżynierii Chemicznej i Urządzeń Cieplnych Politechniki Wrocławskiej ; | ||
| 040 | _cBPK | ||
| 041 | _apol | ||
| 080 | _a532:621.646 | ||
| 942 | _cKS | ||
| 008 | s pl f |000 0 pol | ||
| 999 |
_c16307 _d16307 |
||
| 856 |
_uhttp://koha.tu.koszalin.pl/cgi-bin/koha/opac-detail.pl?biblionumber=16307 _yKatalog online BPK |
||